Reconsidering untouchability : (Record no. 143242)

MARC details
000 -LEADER
fixed length control field 00664nam a22001937a 4500
005 - DATE AND TIME OF LATEST TRANSACTION
control field 20170810154520.0
010 ## - LCCN (DPL NO)
LC control number ENG-119667
020 ## - INTERNATIONAL STANDARD BOOK NUMBER
International Standard Book Number 8178243555
Terms of availability 695.00
035 ## - SYSTEM CONTROL NUMBER
System control number EN-103199
037 ## - SOURCE OF ACQUISITION
Source of stock number/acquisition DBAD/PUB
082 ## - DEWEY DECIMAL CLASSIFICATION NUMBER
Classification number 305.5688
100 ## - MAIN ENTRY--PERSONAL NAME
Personal name Rawat, Ramnarayan S.
245 ## - TITLE STATEMENT
Title Reconsidering untouchability :
Statement of responsibility, etc by Ramnarayan S. Rawat
Remainder of title Chamars and dalit history in North India /
260 ## - PUBLICATION, DISTRIBUTION, ETC. (IMPRINT)
Place of publication, distribution, etc Ranikhet
Name of publisher, distributor, etc Permanent Black
Date of publication, distribution, etc 2012
270 ## - ADDRESS
Address 'Himalayana', Mall Road, Ranikhet Cantt,
City Ranikhet
Postal code 263645
300 ## - PHYSICAL DESCRIPTION
Extent xix,272p.;
Dimensions 22cm(Hb)
Other physical details ill.
500 ## - GENERAL NOTE
General note Includes bibliographical references and index
942 ## - ADDED ENTRY ELEMENTS (KOHA)
Source of classification or shelving scheme Dewey Decimal Classification
Item type English Books
Classification part 305.5688
Call number suffix RAW
Holdings
Withdrawn status Lost status Not for loan Collection code Home library Current library Date acquired Source of acquisition Cost, normal purchase price Full call number Barcode Copy number Cost, replacement price Koha item type
    Not For Loan Non-fiction D.B.Act.Division Bawana 10/08/2017 DBAD/PUB 695.00 305.5688 RAW EN-103199 1 695.00 English Books

© Delhi Public Library
Hit Counter
free hit counter